Human-computer interaction : (Record no. 19266)
[ view plain ]
| 000 -LEADER | |
|---|---|
| fixed length control field | 01007cam a2200241 a 4500 |
| 001 - CONTROL NUMBER | |
| control field | 17627943 |
| 005 - DATE AND TIME OF LATEST TRANSACTION | |
| control field | 20201128021236.0 |
| 008 - FIXED-LENGTH DATA ELEMENTS--GENERAL INFORMATION | |
| fixed length control field | 130215t2013 maua frb 001 0 eng d |
| 020 ## - INTERNATIONAL STANDARD BOOK NUMBER | |
| International Standard Book Number | 9780124058651 (pbk. : alk. paper) |
| 040 ## - CATALOGING SOURCE | |
| Original cataloging agency | DLC |
| Language of cataloging | eng |
| Transcribing agency | DLC |
| Modifying agency | DLC |
| -- | EG-ScBUE |
| 082 00 - DEWEY DECIMAL CLASSIFICATION NUMBER | |
| Classification number | 004.019 |
| Edition number | 22 |
| Item number | MAC |
| 100 1# - MAIN ENTRY--PERSONAL NAME | |
| Personal name | MacKenzie, I. Scott, |
| Dates associated with a name | 1951- |
| 9 (RLIN) | 37826 |
| 245 10 - TITLE STATEMENT | |
| Title | Human-computer interaction : |
| Remainder of title | an empirical research perspective / |
| Statement of responsibility, etc | I. Scott MacKenzie. |
| 260 ## - PUBLICATION, DISTRIBUTION, ETC. (IMPRINT) | |
| Place of publication, distribution, etc | Waltham : |
| Name of publisher, distributor, etc | Morgan Kaufmann / Elsevier, |
| Date of publication, distribution, etc | c.2013. |
| 300 ## - PHYSICAL DESCRIPTION | |
| Extent | xvii, 351 p. : |
| Other physical details | ill. ; |
| Dimensions | 24 cm. |
| 500 ## - GENERAL NOTE | |
| General note | Index : p. 345-351. |
| 504 ## - BIBLIOGRAPHY, ETC. NOTE | |
| Bibliography, etc | Bibliography : p. 319-342. |
| 505 0# - FORMATTED CONTENTS NOTE | |
| Formatted contents note | Historical context -- The human factor -- Interaction elements -- Scientific foundations -- Designing HCI experiments -- Hypothesis testing -- Modeling interaction -- Writing and publishing a research paper. |
| 650 #7 - SUBJECT ADDED ENTRY--TOPICAL TERM | |
| Topical term or geographic name as entry element | Human-computer interaction. |
| Source of heading or term | BUEsh |
| 9 (RLIN) | 859 |
| 653 ## - INDEX TERM--UNCONTROLLED | |
| Resource For college | BAEPS, Business Administration |
| -- | Communication and mass media |
| Arrived date list | May2015 |
| 655 ## - INDEX TERM--GENRE/FORM | |
| Form subdivision | |
| -- | 34232 |
| 942 ## - ADDED ENTRY ELEMENTS (KOHA) | |
| Source of classification or shelving scheme | Dewey Decimal Classification |
| Withdrawn status | Item status | Source of classification or shelving scheme | Damaged status | Not for loan | Vendor | Home library | Current library | Shelving location | Date acquired | Source of acquisition | Cost, normal purchase price | Total Checkouts | Full call number | Barcode | Date last seen | Date last borrowed | Cost, replacement price | Koha item type |
|---|---|---|---|---|---|---|---|---|---|---|---|---|---|---|---|---|---|---|
| Dewey Decimal Classification | Baccah | Central Library | Central Library | Lower Floor | 04/05/2015 | 311.00 | 1 | 004.019 MAC | 000038135 | 15/07/2025 | 22/03/2016 | 389.00 | Book - Borrowing |